[Event "HUN-chT2 Toth 1819"]
[Site "Hungary"]
[Date "2019.02.10"]
[Round "7.10"]
[White "Vertes, Imre"]
[Black "Szabo, Balazs3333"]
[Result "1-0"]
[WhiteElo "1729"]
[BlackElo "1635"]
[PlyCount "103"]
[EventDate "2018.09.23"]
[EventType "team-tourn"]
[EventRounds "11"]
[EventCountry "HUN"]
[SourceTitle "EXT 2021"]
[Source "ChessBase"]
[SourceDate "2020.10.23"]
[SourceVersion "1"]
[SourceVersionDate "2020.10.23"]
[SourceQuality "1"]
[WhiteTeam "Bekes"]
[BlackTeam "Kecskemet Toth Laszlo II"]
[WhiteTeamCountry "HUN"]
[BlackTeamCountry "HUN"]

1. d4 d5 2. Bf4 Nf6 3. Nf3 g6 4. e3 Bg7 5. h3 0-0 6. Bd3 Nbd7 7. 0-0 b6 8. Nbd2 Bb7 9. Ne5 c5 10. c3 Nh5 11. Nxd7 Qxd7 12. Bh2 Rad8 13. Nf3 c4 14. Bc2 f5 15. Ne5 Qe6 16. g4 Bxe5 17. Bxe5 fxg4 18. Qxg4 Qxg4+ 19. hxg4 Nf6 20. Bxf6 Rxf6 21. f4 Bc8 22. g5 Rff8 23. e4 e6 24. Rae1 b5 25. exd5 Rxd5 26. Re5 Rxe5 27. fxe5 Rxf1+ 28. Kxf1 Bb7 29. b3 Kf7 30. Kf2 a5 31. Ke3 Ke7 32. Be4 cxb3 33. axb3 a4 34. bxa4 bxa4 35. Bc2 a3 36. Bb3 Bc6 37. c4 Ba4 38. Ba2 Bc2 39. d5 Bf5 40. Kd4 Kd7 41. Kc3 exd5 42. cxd5 Kc7 43. Kb4 Kb6 44. Kxa3 Kc5 45. d6 Bd7 46. Bb3 Bf5 47. Bg8 Bd7 48. Kb3 Bf5 49. Kc3 h5 50. gxh6 g5 51. Be6 Bxe6 52. h7 1-0

[Event "HUN-chT2 Toth 1617"]
[Site "Hungary"]
[Date "2017.03.12"]
[Round "10.11"]
[White "Kovacs, Lilla"]
[Black "Vertes, Imre"]
[Result "1/2-1/2"]
[WhiteElo "1559"]
[BlackElo "1732"]
[PlyCount "80"]
[EventDate "2016.09.25"]
[EventType "team-tourn"]
[EventRounds "11"]
[EventCountry "HUN"]
[SourceTitle "EXT 2021"]
[Source "ChessBase"]
[SourceDate "2020.10.23"]
[SourceVersion "1"]
[SourceVersionDate "2020.10.23"]
[SourceQuality "1"]
[WhiteTeam "Ujszasz"]
[BlackTeam "Bekes"]
[WhiteTeamCountry "HUN"]
[BlackTeamCountry "HUN"]

1. d4 Nf6 2. c4 g6 3. Nc3 Bg7 4. Nf3 0-0 5. Bf4 d6 6. e3 Nbd7 7. Be2 Nh5 8. Bg3 Nxg3 9. hxg3 e5 10. dxe5 dxe5 11. 0-0 c6 12. Rc1 Qe7 13. Qc2 f5 14. Rfd1 Kh8 15. a3 a5 16. Rd2 e4 17. Nd4 Ne5 18. Rcd1 Bd7 19. Na4 c5 20. Nb5 Rfd8 21. Nb6 Rab8 22. Nd5 Qf8 23. a4 Be6 24. b3 Nc6 25. Ndc7 Bf7 26. Rxd8 Rxd8 27. Rxd8 Qxd8 28. Qd1 Qxd1+ 29. Bxd1 Be5 30. Be2 Kg8 31. Kf1 Kf8 32. Nd5 Ke8 33. Ke1 Kd7 34. Kd2 Bxd5 35. cxd5 Nb4 36. Bc4 h6 37. Ke2 g5 38. Kd2 h5 39. Ke2 b6 40. Kd2 g4 1/2-1/2

[Event "HUN-chT2 Toth 1516"]
[Site "Hungary"]
[Date "2016.03.20"]
[Round "9.11"]
[White "Gomori, Zoltan"]
[Black "Vertes, Imre"]
[Result "1/2-1/2"]
[WhiteElo "1813"]
[BlackElo "1679"]
[PlyCount "42"]
[EventDate "2015.09.13"]
[EventType "team-tourn"]
[EventRounds "11"]
[EventCountry "HUN"]
[SourceTitle "EXT 2017"]
[Source "ChessBase"]
[SourceDate "2016.10.25"]
[SourceVersion "1"]
[SourceVersionDate "2016.10.25"]
[SourceQuality "1"]
[WhiteTeam "Ujszasz"]
[BlackTeam "Bekes"]
[WhiteTeamCountry "HUN"]
[BlackTeamCountry "HUN"]

1. d4 Nf6 2. c4 g6 3. Nc3 Bg7 4. e4 d6 5. f3 0-0 6. Be3 e5 7. d5 Nbd7 8. Qd2 b6 9. Rc1 a5 10. Bd3 Ba6 11. b3 Nc5 12. Bb1 Nh5 13. Nge2 Qe7 14. 0-0 Rae8 15. g4 Nf6 16. Ng3 Bc8 17. Bg5 Qd7 18. h3 h5 19. Qg2 Nh7 20. Be3 h4 21. Nge2 g5 1/2-1/2

[Event "HUN-chT2 Toth 1314"]
[Site "Hungary"]
[Date "2014.04.27"]
[Round "11.12"]
[White "Kiss, Balazs Janos"]
[Black "Vertes, Imre"]
[Result "1-0"]
[WhiteElo "1639"]
[BlackElo "1598"]
[PlyCount "61"]
[EventDate "2013.09.08"]
[EventType "team-tourn"]
[EventRounds "11"]
[EventCountry "HUN"]
[SourceTitle "EXT 2016"]
[Source "ChessBase"]
[SourceDate "2015.10.08"]
[SourceVersion "1"]
[SourceVersionDate "2015.10.08"]
[SourceQuality "1"]
[WhiteTeam "Roszke"]
[BlackTeam "Bekes"]
[WhiteTeamCountry "HUN"]
[BlackTeamCountry "HUN"]

1. d4 Nf6 2. Bf4 g6 3. Nf3 Bg7 4. e3 0-0 5. c3 d6 6. Nbd2 Nbd7 7. Bc4 b6 8. Qb3 Bb7 9. Ng5 d5 10. Bd3 h6 11. Ngf3 c5 12. Qd1 Nh5 13. Bg3 Nxg3 14. hxg3 f5 15. Nh4 Qe8 16. g4 e6 17. gxf5 gxf5 18. f4 Nf6 19. Be2 h5 20. Nhf3 Ng4 21. Nf1 Bf6 22. Qd2 Qg6 23. Ng3 Nxe3 24. Qxe3 Qxg3+ 25. Kd2 cxd4 26. cxd4 Rfe8 27. Rxh5 Qg6 28. Rah1 Re7 29. Ne5 Qg7 30. R1h3 Kf8 31. Rg3 1-0

[Event "HUN-chT2 Toth 1213"]
[Site "Hungary"]
[Date "2013.02.17"]
[Round "7.12"]
[White "Rescsik, Dora"]
[Black "Vertes, Imre"]
[Result "0-1"]
[WhiteElo "1240"]
[BlackElo "1598"]
[PlyCount "66"]
[EventDate "2012.09.16"]
[EventType "team-tourn"]
[EventRounds "11"]
[EventCountry "HUN"]
[SourceTitle "EXT 2014"]
[Source "ChessBase"]
[SourceDate "2013.11.20"]
[SourceVersion "1"]
[SourceVersionDate "2013.11.20"]
[SourceQuality "1"]
[WhiteTeam "Roszke II"]
[BlackTeam "Bekes"]
[WhiteTeamCountry "HUN"]
[BlackTeamCountry "HUN"]

1. e4 e6 2. Nc3 d5 3. d4 Nf6 4. Bd3 Bb4 5. Bg5 Be7 6. a3 0-0 7. e5 Nfd7 8. Bxe7 Qxe7 9. Qh5 h6 10. Nf3 c5 11. b3 cxd4 12. Nxd4 Nc5 13. Be2 a6 14. b4 Ncd7 15. Nf3 f6 16. Bd3 Nxe5 17. Nxe5 fxe5 18. Qg6 e4 19. Be2 Qf6 20. Qg3 Nc6 21. 0-0 Nd4 22. Bd1 Bd7 23. f3 Nxf3+ 24. Bxf3 Qxc3 25. Be2 Qxg3 26. hxg3 Bb5 27. Bxb5 axb5 28. Rfd1 Rac8 29. Rdc1 Rc3 30. Kh2 Rf2 31. Ra2 e3 32. Re1 d4 33. Rc1 d3 0-1

[Event "HUN-chT2 Toth 1011"]
[Site "Hungary"]
[Date "2011.04.17"]
[Round "9.11"]
[White "Vertes, Imre"]
[Black "Szalaji, Renata"]
[Result "0-1"]
[WhiteElo "1561"]
[BlackElo "1832"]
[PlyCount "84"]
[EventDate "2010.09.12"]
[EventType "team-tourn"]
[EventRounds "11"]
[EventCountry "HUN"]
[SourceTitle "EXT 2012"]
[Source "ChessBase"]
[SourceDate "2011.11.24"]
[SourceVersion "1"]
[SourceVersionDate "2011.11.24"]
[SourceQuality "1"]
[WhiteTeam "Bekes"]
[BlackTeam "Mako"]
[WhiteTeamCountry "HUN"]
[BlackTeamCountry "HUN"]

1. c4 Nf6 2. Nc3 e5 3. g3 Bb4 4. Bg2 Nc6 5. Nf3 0-0 6. 0-0 d6 7. a3 Bxc3 8. bxc3 e4 9. Ne1 Ne5 10. d3 Rb8 11. f4 exf3 12. Nxf3 Nxf3+ 13. Bxf3 Bh3 14. Bg2 Bxg2 15. Kxg2 Ng4 16. h3 Ne5 17. Bf4 Qd7 18. Bxe5 dxe5 19. Kh2 f5 20. e4 f4 21. gxf4 exf4 22. Rf3 Rf7 23. Qe2 Rbf8 24. Rg1 Rf6 25. Rg4 Qe7 26. Qc2 b6 27. Qb3 Kh8 28. a4 Qe6 29. Qb5 Rh6 30. Qg5 Rg6 31. Qh5 Rxg4 32. hxg4 Rf6 33. g5 Rf7 34. Rh3 g6 35. Qf3 Qe5 36. d4 Qxg5 37. e5 Qf5 38. Qf2 f3 39. Qf1 f2 40. Kh1 Qxh3+ 41. Qxh3 f1Q+ 42. Qxf1 Rxf1+ 0-1